| 000 | 00372 a2200109 4500 | ||
|---|---|---|---|
| 001 | ART_4779 | ||
| 005 | 20260410161824.0 | ||
| 008 | 260409a | ||
| 245 | 1 | 0 | _aLa reforma del mercado de trabajo en España |
| 100 | 1 | _aSala Franco, Tomás | |
| 773 | 0 |
_tRevista de trabajo _gAdaptabilidad y negociación colectiva - Año 1, Nº 4 (sep./oct. 1994) _wREV4713 |
|
| 999 |
_c22647 _d22647 |
||